[Event "CZE-chT1E 2223"]
[Site "Czech Republic"]
[Date "2023.04.02"]
[Round "11.4"]
[White "Blahynka, Martin"]
[Black "Gabriel, Adam"]
[Result "0-1"]
[WhiteElo "2369"]
[BlackElo "2147"]
[PlyCount "110"]
[EventDate "2022.10.08"]
[EventType "team-tourn"]
[EventRounds "11"]
[EventCountry "CZE"]
[SourceTitle "EXT 2024"]
[Source "ChessBase"]
[SourceDate "2023.10.10"]
[SourceVersion "1"]
[SourceVersionDate "2023.10.10"]
[SourceQuality "1"]
[WhiteTeam "Brno Duras"]
[BlackTeam "Vlcnov"]
[WhiteTeamCountry "CZE"]
[BlackTeamCountry "CZE"]

1. c4 c6 2. d4 d5 3. Nc3 dxc4 4. a4 e5 5. dxe5 Qxd1+ 6. Nxd1 Na6 7. Ne3 Be6 8. Bd2 Nc5 9. Nf3 Nb3 10. Rd1 Bc5 11. Ng5 Nxd2 12. Kxd2 Nh6 13. Nxe6 fxe6 14. Kc3 Bxe3 15. fxe3 Ng4 16. Rd4 Nxe3 17. g3 Ke7 18. Kd2 Nf5 19. Rxc4 Rad8+ 20. Ke1 Ne3 21. Re4 Nc2+ 22. Kf2 Rhf8+ 23. Rf4 Rf5 24. Rxf5 exf5 25. Bh3 Ke6 26. e4 Rd2+ 27. Kf3 Kxe5 28. exf5 Nd4+ 29. Ke3 Rxb2 30. Kd3 Nxf5 31. Re1+ Kf6 32. Rf1 g6 33. Bxf5 gxf5 34. g4 Rxh2 35. Rxf5+ Ke6 36. Rf4 b6 37. g5 Rg2 38. Rf6+ Kd5 39. Rf5+ Kd6 40. Kc3 Rg3+ 41. Kc4 Rg4+ 42. Kb3 Re4 43. Rf6+ Re6 44. Rf7 Re7 45. Rf6+ Kc7 46. Kc4 Rg7 47. Rf5 Kb7 48. Kd4 Rg6 49. Kc4 Ka6 50. a5 c5 51. axb6 axb6 52. Rf8 Rxg5 53. Ra8+ Kb7 54. Rh8 Rg4+ 55. Kb5 Rb4# 0-1

[Event "Zlin Region-chT 2223"]
[Site "Czech Republic"]
[Date "2023.02.12"]
[Round "8.2"]
[White "Vraj, Ondrej"]
[Black "Gabriel, Adam"]
[Result "0-1"]
[WhiteElo "1985"]
[BlackElo "2166"]
[PlyCount "36"]
[EventDate "2022.10.09"]
[EventType "team-tourn"]
[EventRounds "11"]
[EventCountry "CZE"]
[SourceTitle "EXT 2024"]
[Source "ChessBase"]
[SourceDate "2023.10.10"]
[SourceVersion "1"]
[SourceVersionDate "2023.10.10"]
[SourceQuality "1"]
[WhiteTeam "Usti Sokol"]
[BlackTeam "Borsice"]
[WhiteTeamCountry "CZE"]
[BlackTeamCountry "CZE"]

1. e4 e5 2. Nf3 Nc6 3. Bb5 f5 4. d4 exd4 5. Nxd4 fxe4 6. 0-0 Nf6 7. Nc3 Bc5 8. Nb3 Be7 9. Nd5 0-0 10. Nxf6+ Bxf6 11. Qd5+ Kh8 12. Nc5 Nd4 13. Ba4 c6 14. Qxe4 b5 15. Bb3 Re8 16. Qd3 d6 17. c3 Ne2+ 18. Kh1 Nxc1 0-1

[Event "CZE-chT1E 2223"]
[Site "Czech Republic"]
[Date "2022.11.27"]
[Round "4.4"]
[White "Sluka, Radek"]
[Black "Gabriel, Adam"]
[Result "1-0"]
[WhiteElo "2304"]
[BlackElo "2147"]
[PlyCount "97"]
[EventDate "2022.10.08"]
[EventType "team-tourn"]
[EventRounds "11"]
[EventCountry "CZE"]
[SourceTitle "CBM 213 Extra"]
[Source "ChessBase"]
[SourceDate "2023.05.31"]
[SourceVersion "1"]
[SourceVersionDate "2023.05.31"]
[SourceQuality "1"]
[WhiteTeam "Brno Moravska Slavia II"]
[BlackTeam "Vlcnov"]
[WhiteTeamCountry "CZE"]
[BlackTeamCountry "CZE"]

1. e4 c5 2. Nc3 Nc6 3. f4 g6 4. Nf3 Bg7 5. Bc4 d6 6. 0-0 e6 7. f5 gxf5 8. d3 Nge7 9. Qe1 Ne5 10. Bg5 h6 11. Bh4 f4 12. Nxe5 dxe5 13. g3 Qd4+ 14. Kh1 Ng6 15. gxf4 exf4 16. Bf2 Qd6 17. Rg1 e5 18. Nb5 Qc6 19. a4 a6 20. Bd5 Qb6 21. Na3 Bh3 22. Nc4 Qc7 23. b4 cxb4 24. Qxb4 Bf8 25. Qb2 f3 26. Rxg6 fxg6 27. Nxe5 Bg7 28. d4 Bxe5 29. dxe5 Rc8 30. c4 Qe7 31. Rb1 Qg5 32. Bg3 Qe3 33. Qf2 Qxf2 34. Bxf2 Rh7 35. Rb3 Bg2+ 36. Kg1 Re7 37. Bd4 g5 38. Kf2 h5 39. c5 Rcc7 40. Rb6 Kf8 41. Rh6 Rh7 42. Rf6+ Ke7 43. c6 Rxc6 44. Bxc6 bxc6 45. Bc5+ Kd8 46. e6 Bh3 47. Rf8+ Kc7 48. Rf7+ Rxf7 49. exf7 1-0

[Event "CZE-ch Amateur"]
[Site "Luhacovice"]
[Date "2022.03.16"]
[Round "6"]
[White "Gabriel, Adam"]
[Black "Jun, Rudolf Jr"]
[Result "1-0"]
[WhiteElo "2097"]
[BlackElo "2215"]
[PlyCount "113"]
[EventDate "2022.03.12"]
[EventType "swiss"]
[EventRounds "9"]
[EventCountry "CZE"]
[SourceTitle "EXT 2023"]
[Source "ChessBase"]
[SourceDate "2022.10.05"]
[SourceVersion "1"]
[SourceVersionDate "2022.10.05"]
[SourceQuality "1"]

1. e4 c5 2. Nf3 Nc6 3. d4 cxd4 4. Nxd4 Nf6 5. Nc3 e5 6. Nf5 d5 7. exd5 Bxf5 8. dxc6 bxc6 9. Qf3 Qd7 10. Bc4 Bb4 11. Bg5 Ne4 12. Bd3 Nxg5 13. Qxf5 Qxf5 14. Bxf5 Ke7 15. h4 Ne6 16. Bxe6 Kxe6 17. Rh3 Rhd8 18. a3 Be7 19. Rd1 Rd4 20. Rxd4 exd4 21. Ne2 c5 22. Kd2 Rb8 23. b3 Bd6 24. Kd3 Kd5 25. Rf3 f6 26. h5 Be5 27. Nf4+ Bxf4 28. Rxf4 Re8 29. h6 gxh6 30. Rxf6 Rg8 31. g3 Rg6 32. Rf5+ Kc6 33. Kc4 Kb6 34. Rxc5 Rf6 35. f4 Rg6 36. Rh5 Kb7 37. Kxd4 Rc6 38. c3 Rg6 39. f5 Rg4+ 40. Ke5 Rxg3 41. f6 Re3+ 42. Kd4 Rf3 43. Rxh6 Kb8 44. b4 a6 45. a4 Ka8 46. a5 Rf1 47. Kc5 Rf3 48. c4 Rf4 49. Kd5 Rf1 50. Ke6 Re1+ 51. Kd7 Rd1+ 52. Ke7 Re1+ 53. Kf8 Re6 54. Kg7 Ka7 55. f7 Rxh6 56. Kxh6 Kb7 57. f8Q 1-0

[Event "CZE-chT2E 2122"]
[Site "Czech Republic"]
[Date "2021.12.19"]
[Round "5.1"]
[White "Gabriel, Adam"]
[Black "Husek, Martin"]
[Result "1-0"]
[WhiteElo "2074"]
[BlackElo "2181"]
[PlyCount "91"]
[EventDate "2021.10.17"]
[EventType "team-tourn"]
[EventRounds "11"]
[EventCountry "CZE"]
[SourceTitle "EXT 2024"]
[Source "ChessBase"]
[SourceDate "2023.10.10"]
[SourceVersion "1"]
[SourceVersionDate "2023.10.10"]
[SourceQuality "1"]
[WhiteTeam "Borsice"]
[BlackTeam "Stare Mesto II"]
[WhiteTeamCountry "CZE"]
[BlackTeamCountry "CZE"]

1. d4 Nf6 2. Bf4 c5 3. e3 cxd4 4. exd4 Qb6 5. Na3 a6 6. Nc4 Qd8 7. Bd3 b5 8. Qf3 Nc6 9. Ne5 Bb7 10. Nxc6 Bxc6 11. Qh3 Qb6 12. Nf3 Qb7 13. 0-0 Bxf3 14. Qxf3 Qxf3 15. gxf3 e6 16. a4 b4 17. a5 Nd5 18. Be4 f6 19. c4 bxc3 20. bxc3 Rc8 21. Bxd5 exd5 22. Rfb1 g5 23. Bd2 Bd6 24. Rb7 Rg8 25. Re1+ Kd8 26. Ra7 g4 27. Kg2 Rb8 28. Rxa6 Kc7 29. Rxd6 gxf3+ 30. Kxf3 Kxd6 31. Bf4+ Kc6 32. Bxb8 Rxb8 33. a6 Ra8 34. Ra1 Kb5 35. Kf4 Kc4 36. Ra3 Kd3 37. Kf5 Kc2 38. Kxf6 Kb2 39. Ra4 Kb3 40. Ra1 Kb2 41. Ra5 Kxc3 42. Ke5 Kc4 43. a7 Re8+ 44. Kd6 Ra8 45. Kc7 Kxd4 46. Kb7 1-0

[Event "CZE-chT2E 1920"]
[Site "Czech Republic"]
[Date "2019.12.01"]
[Round "4.1"]
[White "Gabriel, Adam"]
[Black "Mikes, Jan"]
[Result "0-1"]
[WhiteElo "2057"]
[BlackElo "2355"]
[PlyCount "106"]
[EventDate "2019.10.13"]
[EventType "team-tourn"]
[EventRounds "11"]
[EventCountry "CZE"]
[SourceTitle "EXT 2024"]
[Source "ChessBase"]
[SourceDate "2023.10.10"]
[SourceVersion "1"]
[SourceVersionDate "2023.10.10"]
[SourceQuality "1"]
[WhiteTeam "Borsice"]
[BlackTeam "Prusanky Podluzan"]
[WhiteTeamCountry "CZE"]
[BlackTeamCountry "CZE"]

1. d4 Nf6 2. c4 g6 3. Nc3 d5 4. cxd5 Nxd5 5. e4 Nxc3 6. bxc3 Bg7 7. Nf3 0-0 8. Ba3 b6 9. Bc4 Bb7 10. Qe2 c5 11. Rd1 cxd4 12. cxd4 b5 13. Rb1 bxc4 14. Rxb7 Qa5+ 15. Bb4 Qa6 16. Rc7 Nc6 17. a3 Qb6 18. Rxc6 Qxc6 19. 0-0 Rfe8 20. e5 Bh6 21. Bc5 Qd5 22. h4 Rab8 23. Bxa7 Rb3 24. Bc5 c3 25. Ng5 Rb2 26. Qe3 c2 27. Rc1 Rb1 28. Kh2 Rxc1 29. Qxc1 f6 30. Bxe7 fxg5 31. hxg5 Rxe7 32. gxh6 Qxd4 33. Qxc2 Qxe5+ 34. Kg1 Qc7 35. Qb3+ Kf8 36. Qf3+ Ke8 37. Qa8+ Qd8 38. Qc6+ Kf7 39. Qf3+ Kg8 40. Qb3+ Rf7 41. a4 Qd4 42. Qc2 Rd7 43. Qb3+ Qd5 44. Qe3 Qd1+ 45. Kh2 Qh5+ 46. Kg3 g5 47. Qb3+ Rf7 48. Qb8+ Rf8 49. Qb3+ Qf7 50. Qxf7+ Kxf7 51. Kg4 Kg6 52. a5 Rf4+ 53. Kh3 Ra4 0-1

[Event "CZE-chT2E 1314"]
[Site "Czech Republic"]
[Date "2014.04.06"]
[Round "11.1"]
[White "Gabriel, Adam"]
[Black "Markovic, Ivan1111"]
[Result "1-0"]
[WhiteElo "2165"]
[BlackElo "2112"]
[PlyCount "97"]
[EventDate "2013.11.03"]
[EventType "team-tourn"]
[EventRounds "11"]
[EventCountry "CZE"]
[SourceTitle "EXT 2016"]
[Source "ChessBase"]
[SourceDate "2015.10.08"]
[SourceVersion "1"]
[SourceVersionDate "2015.10.08"]
[SourceQuality "1"]
[WhiteTeam "Napajedla"]
[BlackTeam "Hustopece"]
[WhiteTeamCountry "CZE"]
[BlackTeamCountry "CZE"]

1. c4 e5 2. Nc3 d6 3. g3 f5 4. d4 e4 5. Bg2 Nf6 6. f3 exf3 7. Nxf3 Be7 8. 0-0 0-0 9. Qc2 c6 10. Bg5 Na6 11. Kh1 Nc7 12. Bxf6 Bxf6 13. e4 g6 14. e5 dxe5 15. dxe5 Bg7 16. Rad1 Qe7 17. Rfe1 Be6 18. Ne2 Rad8 19. Rxd8 Rxd8 20. Nf4 Bh6 21. b3 Qd7 22. Qf2 b6 23. h4 Bxf4 24. gxf4 Na6 25. h5 Nc5 26. Qh4 Re8 27. hxg6 hxg6 28. Ng5 Ne4 29. Bxe4 fxe4 30. Nxe4 Rf8 31. Nf6+ Rxf6 32. exf6 Bg4 33. f7+ Kxf7 34. Qh7+ Kf6 35. Qxd7 Bxd7 36. Kg2 Be6 37. Rd1 Ke7 38. Kg3 Bf5 39. Kh4 a5 40. Kg5 Bc2 41. Rd2 Bb1 42. a3 Bf5 43. b4 axb4 44. axb4 Bb1 45. c5 bxc5 46. bxc5 Kf7 47. Rd7+ Kf8 48. Rd6 Be4 49. Rxg6 1-0

[Event "CZE-chT2E 1314"]
[Site "Czech Republic"]
[Date "2014.03.23"]
[Round "10.1"]
[White "Mudrak, Josef"]
[Black "Gabriel, Adam"]
[Result "1-0"]
[WhiteElo "2351"]
[BlackElo "2165"]
[PlyCount "77"]
[EventDate "2013.11.03"]
[EventType "team-tourn"]
[EventRounds "11"]
[EventCountry "CZE"]
[SourceTitle "EXT 2016"]
[Source "ChessBase"]
[SourceDate "2015.10.08"]
[SourceVersion "1"]
[SourceVersionDate "2015.10.08"]
[SourceQuality "1"]
[WhiteTeam "Kromeriz Slavia II"]
[BlackTeam "Napajedla"]
[WhiteTeamCountry "CZE"]
[BlackTeamCountry "CZE"]

1. d4 f5 2. Nf3 Nf6 3. g3 g6 4. Bg2 Bg7 5. 0-0 0-0 6. c3 c6 7. Nbd2 Qc7 8. Qb3+ e6 9. a4 d5 10. Ne5 Nbd7 11. Ndf3 Nxe5 12. Nxe5 Nd7 13. Nd3 Re8 14. a5 e5 15. dxe5 Nxe5 16. Bf4 Qf7 17. Nxe5 Bxe5 18. Bxe5 Rxe5 19. e3 Be6 20. Qb4 Re8 21. Qd4 Bc8 22. Qxa7 g5 23. Ra4 Qh5 24. Qb6 R5e6 25. h4 Rh6 26. f3 f4 27. exf4 gxh4 28. f5 Qxf5 29. gxh4 Rg6 30. Rg4 Re2 31. Qd8+ Kg7 32. Qc7+ Kg8 33. h5 Rxg2+ 34. Kxg2 Rxg4+ 35. fxg4 Qe4+ 36. Rf3 Qe2+ 37. Rf2 Qe4+ 38. Kh2 Be6 39. Qd8+ 1-0

[Event "CZE-chT2E 1314"]
[Site "Czech Republic"]
[Date "2014.02.02"]
[Round "7.1"]
[White "David, Pavel"]
[Black "Gabriel, Adam"]
[Result "1/2-1/2"]
[WhiteElo "2363"]
[BlackElo "2165"]
[PlyCount "21"]
[EventDate "2013.11.03"]
[EventType "team-tourn"]
[EventRounds "11"]
[EventCountry "CZE"]
[SourceTitle "EXT 2016"]
[Source "ChessBase"]
[SourceDate "2015.10.08"]
[SourceVersion "1"]
[SourceVersionDate "2015.10.08"]
[SourceQuality "1"]
[WhiteTeam "Lipovec Garde"]
[BlackTeam "Napajedla"]
[WhiteTeamCountry "CZE"]
[BlackTeamCountry "CZE"]

1. c4 Nf6 2. Nc3 c5 3. g3 Nc6 4. Bg2 g6 5. e3 b6 6. Nge2 Bb7 7. d3 Bg7 8. 0-0 0-0 9. a3 Qc8 10. Rb1 Rd8 11. b4 1/2-1/2

[Event "CZE-chT2E 1314"]
[Site "Czech Republic"]
[Date "2013.12.01"]
[Round "3.1"]
[White "Vymazal, Bronislav"]
[Black "Gabriel, Adam"]
[Result "1-0"]
[WhiteElo "2324"]
[BlackElo "2165"]
[PlyCount "153"]
[EventDate "2013.11.03"]
[EventType "team-tourn"]
[EventRounds "11"]
[EventCountry "CZE"]
[SourceTitle "EXT 2016"]
[Source "ChessBase"]
[SourceDate "2015.10.08"]
[SourceVersion "1"]
[SourceVersionDate "2015.10.08"]
[SourceQuality "1"]
[WhiteTeam "Brno Lokomotiva II"]
[BlackTeam "Napajedla"]
[WhiteTeamCountry "CZE"]
[BlackTeamCountry "CZE"]

1. e4 c5 2. Nf3 Nc6 3. d4 cxd4 4. Nxd4 e5 5. Nb5 a6 6. N5c3 Bc5 7. Be2 d6 8. 0-0 Nge7 9. Kh1 0-0 10. f4 exf4 11. Bxf4 Ng6 12. Bg3 Nge5 13. Nd2 Be6 14. Nb3 Ba7 15. Qd2 Qd7 16. Rad1 Rfd8 17. Nd5 Kh8 18. Bh4 Rdc8 19. Nf4 Nc4 20. Bxc4 Bxc4 21. Rfe1 Qg4 22. Bg3 a5 23. Nd5 a4 24. Nc1 Ne5 25. Ne7 Re8 26. Qxd6 Nf3 27. h3 Qh5 28. Nf5 Nxe1 29. Bxe1 Be6 30. Ng3 Qg5 31. Bd2 Qg6 32. Qd3 Rad8 33. Qf3 Bb8 34. Nh5 Bc4 35. Nd3 Qxe4 36. Bh6 Qxf3 37. Bxg7+ Kg8 38. gxf3 Bd5 39. Rf1 Re2 40. Bf6 Rh2+ 41. Kg1 Rc8 42. Bc3 Be6 43. Nf2 Bxh3 44. Re1 Rg2+ 45. Kf1 Rg5+ 46. Nxh3 Rxh5 47. Nf2 Bg3 48. Re4 Bxf2 49. Kxf2 b5 50. Rg4+ Kf8 51. Bb4+ Ke8 52. Re4+ Kd8 53. Rd4+ Kc7 54. Rf4 f5 55. Ke3 Kb6 56. Bc3 Rc4 57. Bd4+ Kc6 58. Kd3 Kd5 59. b3 axb3 60. axb3 Rc7 61. Be3 Ke6 62. c4 bxc4+ 63. bxc4 Rh1 64. c5 h5 65. Ra4 h4 66. Ra6+ Kd7 67. Rd6+ Kc8 68. Rh6 Kb7 69. Kc4 h3 70. Bf4 Rg7 71. c6+ Kb6 72. c7+ Kb7 73. Rb6+ Kxb6 74. c8Q Rc1+ 75. Bxc1 Rc7+ 76. Qxc7+ Kxc7 77. Kd5 1-0

[Event "CZE-chT2E 1314"]
[Site "Czech Republic"]
[Date "2013.11.03"]
[Round "1.1"]
[White "Gasa, Andrej"]
[Black "Gabriel, Adam"]
[Result "1/2-1/2"]
[WhiteElo "2308"]
[BlackElo "2165"]
[PlyCount "70"]
[EventDate "2013.11.03"]
[EventType "team-tourn"]
[EventRounds "11"]
[EventCountry "CZE"]
[SourceTitle "EXT 2016"]
[Source "ChessBase"]
[SourceDate "2015.10.08"]
[SourceVersion "1"]
[SourceVersionDate "2015.10.08"]
[SourceQuality "1"]
[WhiteTeam "Prusanky Podluzan"]
[BlackTeam "Napajedla"]
[WhiteTeamCountry "CZE"]
[BlackTeamCountry "CZE"]

1. e4 e5 2. Nf3 Nc6 3. Bb5 a6 4. Ba4 f5 5. d3 d6 6. Nc3 Nf6 7. a3 Be7 8. Bb3 fxe4 9. dxe4 Bg4 10. Be3 Qd7 11. Qd3 Bxf3 12. gxf3 Nh5 13. Nd5 Rf8 14. 0-0-0 Rxf3 15. Qe2 Rh3 16. Ba4 b5 17. Bb3 g5 18. Nxe7 Nxe7 19. Bxg5 c5 20. Bd5 Rb8 21. Rhg1 Ng6 22. Be3 Kf8 23. Bh6+ Ke7 24. Qd2 Nhf4 25. Bxf4 exf4 26. e5 dxe5 27. Qa5 Qa7 28. Be4 Qb6 29. Qe1 Kf6 30. Rd5 Rd8 31. Qd2 Rxd5 32. Qxd5 Qe6 33. Qxc5 Qe7 34. Qc8 Qe6 35. Qd8+ Qe7 1/2-1/2

[Event "CZE-chT2E 1213"]
[Site "Czech Republic"]
[Date "2013.02.03"]
[Round "8.2"]
[White "Gabriel, Adam"]
[Black "Dobes, Vojtech"]
[Result "1/2-1/2"]
[WhiteElo "2129"]
[BlackElo "2055"]
[PlyCount "70"]
[EventDate "2012.10.14"]
[EventType "team-tourn"]
[EventRounds "11"]
[EventCountry "CZE"]
[SourceTitle "EXT 2016"]
[Source "ChessBase"]
[SourceDate "2015.10.08"]
[SourceVersion "1"]
[SourceVersionDate "2015.10.08"]
[SourceQuality "1"]
[WhiteTeam "Veseli nad Moravou"]
[BlackTeam "Stare Mesto II"]
[WhiteTeamCountry "CZE"]
[BlackTeamCountry "CZE"]

1. e4 c5 2. Nc3 Nc6 3. Nge2 Nf6 4. g3 d5 5. exd5 Nxd5 6. Bg2 Nxc3 7. Nxc3 Bd7 8. 0-0 e6 9. d3 Be7 10. Qg4 0-0 11. Bh6 Bf6 12. Ne4 Kh8 13. Nxf6 Qxf6 14. Be3 b6 15. c3 Rac8 16. Qe2 e5 17. Rad1 Bf5 18. Be4 Bxe4 19. dxe4 Qe6 20. b3 Rcd8 21. Rxd8 Rxd8 22. Rd1 Rd6 23. Rxd6 Qxd6 24. Qd2 Qxd2 25. Bxd2 Kg8 26. Kf1 Kf8 27. Ke2 Ke7 28. Kd3 Kd6 29. a4 a6 30. Be3 b5 31. axb5 axb5 32. f3 Na5 33. Kc2 Nc6 34. Kb2 Nd8 35. Ka3 Nc6 1/2-1/2

[Event "CZE-chT2E 1213"]
[Site "Czech Republic"]
[Date "2012.11.04"]
[Round "2.1"]
[White "Gabriel, Adam"]
[Black "Vrana, Frantisek"]
[Result "1-0"]
[WhiteElo "2129"]
[BlackElo "2282"]
[PlyCount "79"]
[EventDate "2012.10.14"]
[EventType "team-tourn"]
[EventRounds "11"]
[EventCountry "CZE"]
[SourceTitle "EXT 2016"]
[Source "ChessBase"]
[SourceDate "2015.10.08"]
[SourceVersion "1"]
[SourceVersionDate "2015.10.08"]
[SourceQuality "1"]
[WhiteTeam "Veseli nad Moravou"]
[BlackTeam "Stare Mesto III"]
[WhiteTeamCountry "CZE"]
[BlackTeamCountry "CZE"]

1. d4 f5 2. Nf3 Nf6 3. g3 g6 4. b4 Bg7 5. Bb2 0-0 6. Bg2 d5 7. Nbd2 c6 8. c4 a5 9. cxd5 cxd5 10. bxa5 Nc6 11. 0-0 Ne4 12. Ne5 Nxe5 13. dxe5 Rxa5 14. Nb3 Ra6 15. f3 Ng5 16. h4 Nf7 17. f4 e6 18. Bd4 b6 19. Qd3 Ra8 20. Rfc1 Bd7 21. Rc2 Qb8 22. Rb1 Ba4 23. Rcb2 Qc7 24. Rc1 Qd8 25. Nd2 b5 26. Nb3 Re8 27. Rbc2 h6 28. Rc6 g5 29. hxg5 hxg5 30. Nc5 Rc8 31. Nxe6 Rxc6 32. Rxc6 Rxe6 33. Rxe6 gxf4 34. gxf4 Qc8 35. Bxd5 Qc1+ 36. Kg2 b4 37. Qxf5 Qd2 38. Qe4 Kh8 39. Ra6 Be8 40. Ra8 1-0

[Event "Orlova op 9th"]
[Site "Orlova"]
[Date "2012.05.23"]
[Round "3.2"]
[White "Velicka, Petr"]
[Black "Gabriel, Adam"]
[Result "0-1"]
[WhiteElo "2470"]
[BlackElo "2100"]
[PlyCount "66"]
[EventDate "2012.05.21"]
[EventType "swiss"]
[EventRounds "7"]
[EventCountry "CZE"]
[SourceTitle "CBM 148 Extra"]
[Source "ChessBase"]
[SourceDate "2012.06.22"]
[SourceVersion "1"]
[SourceVersionDate "2012.06.22"]
[SourceQuality "1"]

1. e4 c5 2. Nf3 e6 3. d4 cxd4 4. Nxd4 Nf6 5. Nc3 Nc6 6. Nxc6 bxc6 7. e5 Nd5 8. Ne4 Qc7 9. f4 Qb6 10. c4 Ne3 11. Qd3 Nf5 12. Bd2 c5 13. Bc3 Bb7 14. 0-0-0 Bc6 15. g4 Qb7 16. Bg2 Nh4 17. Nd6+ Bxd6 18. Bxc6 Qxc6 19. Qxd6 Qxd6 20. Rxd6 Ng2 21. Bd2 h5 22. Rg1 Nh4 23. Be3 hxg4 24. Bxc5 Rc8 25. b4 a5 26. Rgd1 Nf5 27. Rxd7 Rxh2 28. Kb1 axb4 29. Bb6 g3 30. c5 Ne3 31. Rd8+ Rxd8 32. Rxd8+ Ke7 33. c6 Rh1+ 0-1

[Event "CZE-ch U20"]
[Site "Kouty nad Desnou"]
[Date "2012.03.15"]
[Round "8"]
[White "Gabriel, Adam"]
[Black "Vlasak, Lukas"]
[Result "0-1"]
[WhiteElo "2106"]
[BlackElo "2270"]
[PlyCount "246"]
[EventDate "2012.03.09"]
[EventType "tourn"]
[EventRounds "11"]
[EventCountry "CZE"]
[EventCategory "1"]
[SourceTitle "CBM 147 Extra"]
[Source "ChessBase"]
[SourceDate "2012.04.24"]
[SourceVersion "1"]
[SourceVersionDate "2012.04.24"]
[SourceQuality "1"]

1. d4 Nf6 2. Nf3 e6 3. Bf4 b6 4. e3 Bb7 5. Bd3 Be7 6. 0-0 0-0 7. Nbd2 c5 8. c3 d5 9. Qc2 h6 10. h3 Nc6 11. Ne5 Nxe5 12. Bxe5 Rc8 13. Qd1 Re8 14. Bxf6 Bxf6 15. f4 Qd6 16. Qh5 Qf8 17. Nf3 g6 18. Qg4 Qg7 19. Ne5 Rc7 20. h4 Bc8 21. Rf3 h5 22. Qh3 cxd4 23. exd4 Qh6 24. Raf1 Kf8 25. R1f2 a6 26. g3 b5 27. a3 Be7 28. Qf1 Qg7 29. Qb1 f5 30. Re3 Bf6 31. Nf3 Bd7 32. Bf1 Rec8 33. Qe1 Qe7 34. Nd2 Qf7 35. Nb3 Be7 36. Na5 Qf6 37. Kh2 Bd6 38. Kh3 Kf7 39. Bg2 Re8 40. Rfe2 Rcc8 41. Qb1 Kf8 42. Nb7 Be7 43. b4 Rc7 44. Nc5 Bxc5 45. bxc5 Bc6 46. Qb4 Ke7 47. Qa5 Kd7 48. Re5 Qf7 49. Qb6 Qg8 50. Bf3 Rb8 51. Rxe6 Rxb6 52. Rd6+ Kc8 53. cxb6 Qf8 54. Ree6 Bd7 55. bxc7 Bxe6 56. Rxe6 Kxc7 57. Rxa6 Qe8 58. Bxd5 Qe1 59. Rc6+ Kd8 60. Bg2 Qc1 61. Rb6 Qxa3 62. Rxb5 Qxc3 63. d5 Kc7 64. Rb1 Qd2 65. Ra1 Qe2 66. Ra7+ Kd6 67. Rg7 Qg4+ 68. Kh2 Kc5 69. Rc7+ Kd6 70. Rc6+ Kd7 71. Re6 Kd8 72. Re1 g5 73. Bh3 Qf3 74. Rf1 Qe2+ 75. Bg2 gxh4 76. gxh4 Qg4 77. Bh3 Qxh4 78. Kg2 Qf6 79. Kg3 h4+ 80. Kh2 Qb2+ 81. Bg2 Qg7 82. Rf3 Kd7 83. Ra3 Qg4 84. Rf3 Kd6 85. Kg1 Qh5 86. Re3 Kc5 87. Rd3 Qe2 88. Rf3 Qe1+ 89. Kh2 Qa1 90. Rh3 Qf6 91. Rd3 Qd6 92. Rf3 Qh6 93. Rf2 Kd4 94. Kh3 Ke3 95. Rf3+ Ke2 96. Rf1 Qg6 97. Rf3 Qg8 98. Kh2 Qg4 99. Kg1 h3 100. Rxh3 Qxf4 101. Rf3 Qc1+ 102. Kh2 f4 103. Rf1 Qc5 104. Kh3 Qc7 105. Rf3 Qh7+ 106. Kg4 Qg6+ 107. Kxf4 Qxg2 108. Re3+ Kd2 109. Re5 Kd3 110. Kf5 Kd4 111. Kf6 Qh3 112. Rf5 Qh6+ 113. Ke7 Ke4 114. Rf6 Qg5 115. Ke6 Qxd5+ 116. Ke7 Ke5 117. Rh6 Qb7+ 118. Kf8 Kf5 119. Kg8 Qd7 120. Rh7 Qe8+ 121. Kg7 Kg5 122. Rh1 Qd7+ 123. Kf8 Qc8+ 0-1

[Event "CZE-ch U20"]
[Site "Kouty nad Desnou"]
[Date "2012.03.14"]
[Round "7"]
[White "Rabatin, Jakub"]
[Black "Gabriel, Adam"]
[Result "1-0"]
[WhiteElo "2159"]
[BlackElo "2106"]
[PlyCount "81"]
[EventDate "2012.03.09"]
[EventType "tourn"]
[EventRounds "11"]
[EventCountry "CZE"]
[EventCategory "1"]
[SourceTitle "CBM 147 Extra"]
[Source "ChessBase"]
[SourceDate "2012.04.24"]
[SourceVersion "1"]
[SourceVersionDate "2012.04.24"]
[SourceQuality "1"]

1. e4 e6 2. d4 d5 3. Nc3 Bb4 4. e5 b6 5. Bd2 Qd7 6. Nf3 h5 7. h4 Nh6 8. Ne2 Bf8 9. Nf4 g6 10. Bd3 Ba6 11. Bxg6 fxg6 12. Nxg6 Qh7 13. Nxh8 Qxh8 14. Ng5 Kd7 15. Qxh5 Nc6 16. Be3 Nb4 17. 0-0-0 Nxa2+ 18. Kb1 Nb4 19. Qg6 Re8 20. Nh7 Ng8 21. Qxg8 Be7 22. Qxh8 Rxh8 23. Nf6+ Bxf6 24. exf6 Be2 25. Rd2 Bh5 26. f3 Nc6 27. g4 Bf7 28. Bf4 Na5 29. h5 c5 30. Rdh2 cxd4 31. g5 Nc6 32. g6 e5 33. Bg5 Be6 34. h6 Bf5 35. g7 Rc8 36. h7 d3 37. g8Q dxc2+ 38. Rxc2 Bxc2+ 39. Kxc2 Nd4+ 40. Kb1 Rxg8 41. hxg8Q 1-0

[Event "CZE-ch U20"]
[Site "Kouty nad Desnou"]
[Date "2012.03.12"]
[Round "4"]
[White "Krejci, Jan1111"]
[Black "Gabriel, Adam"]
[Result "1-0"]
[WhiteElo "2486"]
[BlackElo "2106"]
[PlyCount "65"]
[EventDate "2012.03.09"]
[EventType "tourn"]
[EventRounds "11"]
[EventCountry "CZE"]
[EventCategory "1"]
[SourceTitle "CBM 147 Extra"]
[Source "ChessBase"]
[SourceDate "2012.04.24"]
[SourceVersion "1"]
[SourceVersionDate "2012.04.24"]
[SourceQuality "1"]

1. Nf3 f5 2. g3 Nf6 3. Bg2 g6 4. 0-0 Bg7 5. d4 0-0 6. b4 Qe8 7. Bb2 Nc6 8. b5 Nd8 9. c4 d6 10. Nbd2 Nf7 11. a4 e5 12. e3 e4 13. Ne1 c5 14. Nc2 a5 15. bxa6 Rxa6 16. a5 b6 17. axb6 Rxb6 18. Bc3 Bb7 19. Ra5 Nd7 20. Qa1 Qc8 21. dxc5 Bxc3 22. Qxc3 Nxc5 23. Nd4 Ne5 24. Rb5 Rxb5 25. cxb5 Bd5 26. Rb1 Qb7 27. Bf1 Rc8 28. Qb4 Ra8 29. N4b3 Bxb3 30. Nxb3 Ra4 31. Qc3 Ncd3 32. Nd2 Qb6 33. Qb3+ 1-0

[Event "CZE-chT2E 1112"]
[Site "Czech Republic"]
[Date "2012.01.22"]
[Round "6.4"]
[White "Gabriel, Adam"]
[Black "Holemar, David"]
[Result "0-1"]
[WhiteElo "2090"]
[BlackElo "2306"]
[PlyCount "78"]
[EventDate "2011.10.09"]
[EventType "team-tourn"]
[EventRounds "11"]
[EventCountry "CZE"]
[SourceTitle "EXT 2013"]
[Source "ChessBase"]
[SourceDate "2012.11.22"]
[SourceVersion "1"]
[SourceVersionDate "2012.11.22"]
[SourceQuality "1"]
[WhiteTeam "Borsice"]
[BlackTeam "Brno Lokomotiva II"]
[WhiteTeamCountry "CZE"]
[BlackTeamCountry "CZE"]

1. d4 Nf6 2. Bg5 Ne4 3. Bf4 c5 4. f3 Qa5+ 5. c3 Nf6 6. Nd2 cxd4 7. Nb3 Qf5 8. Qxd4 Nc6 9. Qd2 e5 10. Bg5 Be7 11. Bxf6 Qxf6 12. e4 0-0 13. Bc4 Qg6 14. Qf2 d6 15. Rd1 Kh8 16. g4 Bd8 17. Ne2 Bb6 18. Qh4 Be6 19. Bd5 Rad8 20. Ng3 Rd7 21. Nf5 Bd8 22. Qf2 Bxf5 23. gxf5 Qh6 24. Ke2 Bb6 25. Qg2 Qe3+ 26. Kf1 g6 27. Nd2 Qd3+ 28. Ke1 Qe3+ 29. Kf1 Qd3+ 30. Ke1 Qc2 31. Qg4 Qxb2 32. fxg6 fxg6 33. Qxd7 Qxc3 34. Rb1 Be3 35. Rd1 Bxd2+ 36. Rxd2 Nd4 37. Qxd6 Qc1+ 38. Kf2 Rxf3+ 39. Kg2 Qxd2+ 0-1